[Event "LSS ZN-2010-0-00864"]
[Site "LSS email"]
[Date "2010.01.19"]
[Round "?"]
[White "Krivoshey, Dmitrij"]
[Black "Mraz, Ivan"]
[Result "0-1"]
[WhiteElo "727"]
[BlackElo "1009"]
[PlyCount "54"]
[EventDate "2010.01.04"]
[EventType "match (corr)"]
[EventRounds "2"]
[EventCountry "GER"]
[SourceTitle "Corr 2013"]
[Source "ChessBase"]
[SourceDate "2012.11.12"]
[SourceVersion "1"]
[SourceVersionDate "2012.11.12"]
[SourceQuality "1"]

1. e4 c5 2. d4 cxd4 3. Qxd4 Nc6 4. Qe3 e5 5. Nc3 Nd4 6. Bd3 Bc5 7. Qg3 Nf6 8. Be3 d6 9. Qxg7 Rg8 10. Qh6 Rxg2 11. Bg5 Ng4 12. Qxh7 Qxg5 13. Nh3 Nf3+ 14. Kf1 Nd2+ 15. Ke1 Bxf2+ 16. Nxf2 Nxf2 17. Qh8+ Qg8 18. Qf6 Nxd3+ 19. cxd3 Be6 20. Ne2 Bg4 21. Kxd2 Rxe2+ 22. Kc3 Kd7 23. Rhg1 Qc8+ 24. Kb3 Be6+ 25. Qxe6+ Kxe6 26. Rac1 Qd7 27. Rc2 Qb5+ 0-1

[Event "LSS ZN-2010-0-00864"]
[Site "LSS email"]
[Date "2010.01.19"]
[Round "?"]
[White "Mraz, Ivan"]
[Black "Krivoshey, Dmitrij"]
[Result "1-0"]
[WhiteElo "1009"]
[BlackElo "727"]
[PlyCount "55"]
[EventDate "2010.01.04"]
[EventType "match (corr)"]
[EventRounds "2"]
[EventCountry "GER"]
[SourceTitle "Corr 2013"]
[Source "ChessBase"]
[SourceDate "2012.11.12"]
[SourceVersion "1"]
[SourceVersionDate "2012.11.12"]
[SourceQuality "1"]

1. e4 e5 2. Nf3 Nc6 3. Bb5 a6 4. Bxc6 bxc6 5. 0-0 Nf6 6. d4 d6 7. dxe5 Nxe4 8. exd6 cxd6 9. Re1 d5 10. Ng5 Bb4 11. Bd2 Bxd2 12. Qxd2 0-0 13. Nxe4 dxe4 14. Rxe4 Bb7 15. Qe2 c5 16. Re7 Bc6 17. Nc3 Re8 18. Rxe8+ Bxe8 19. Rd1 Qg5 20. Ne4 Qe5 21. Nc3 Qg5 22. Re1 Bc6 23. Ne4 Bxe4 24. Qxe4 g6 25. Qxa8+ Kg7 26. Qxa6 Qg4 27. b3 h5 28. Qc4 1-0